000 01985 a2200241 4500
001 4083
005 20260407155431.0
008 260407a2009 arg spa d
003 AR-UNSa-BCEJYS
040 _aAR-UNSa-BCEJYS
_bspa
_cAR-UNSa-BCEJYS
080 _a351.71
_xBienes públicos. Obras públicas. Impuestos (Contratación pública)
245 1 0 _aEl contrato administrativo
020 _a978-950-20-1938-3
250 _a3a. ed.
264 1 _aBuenos Aires :
_bAbeledo Perrot
_c2009
300 _a482 p.
_c24 cm.
505 _a1. La contratación pública - 2. El régimen de contrataciones - 3. Los procedimientos de selección del contratista estatal y la adjudicación del contrato - 4. Los efectos del contrato administrativo, sus elementos y el régimen de ejecución contractual - 5. La extinción de los contratos administrativos - 6. Cuestiones inherentes a la contratación administrativa en el ámbito del servicio público - 7. La emergencia y su incidencia en los contratos que tienen por objeto la presentación de servicios públicos - 8. La participación pública y los servicios públicos - 9. Facultades reglamentarias del ente regulador. Control de los servicios públicos - 10.Impugnación administrativa judicial de los actos relativos a la celebración, ejecución, modificacion y extinción de los contratos de la administración - 11. El desarrollo de infraestructura públicas:Nuevos mecanismos de financiamiento vinculados con la actividad contractual de la administración, en especial la colaboración y/o asociación entre los particulares y el estado: Introducción - El régimen de iniciativa privada - La financiación estatal y/o privada de las infraestructura públicas. Esquema contractual
041 _aspa
942 _cBK
590 _aniveau_biblio:m niveau_hierar:0
100 1 _aCassagne, Juan Carlos
856 4 1 _uhttps://biblioeco.unsa.edu.ar/pmb/images/libros/El Contrato Administrativo-l118399.jpg
_yImagen de portada
_qimage/jpeg
999 _c389
_d389